000 01237nam a22003497a 4500
003 CHAP
005 20220329143230.0
008 070517d2007 mx r 00110 spa d
010 _a93639
011 _a94611
035 _a105206
040 _cCHAP
090 _aTesis
100 0 0 _aBecerra Moreno, Antonio.
_911146
245 1 3 _aLa educación ambiental en las carreras que imparte la Universidad Autónoma Chapingo
_c/por Antonio Becerra Moreno
260 _aChapingo, Méx. :
_bEl autor,
_c2007.
300 _a184 h.
502 _aTesis (Doctor en Ciencias en Educación Agrícola) - - UACH. Departamento de Sociología Rural
590 _aALEPH
_b10
_c20130110
_lUCH01
_h1518
590 _aBATCH-UPD
_b10
_c20130110
_lUCH01
_h0936
590 _aBATCH-UPD
_b10
_c20130410
_lUCH01
_h0554
590 _aBATCH-UPD
_b10
_c20130914
_lUCH01
_h0551
590 _aCONVERSION
_b10
_c20130109
_lUCH01
_h1352
650 1 4 _aEducación agrícola.
_935491
650 1 4 _aEducación ambiental.
_935556
650 1 4 _aUACH
_xPlanes de estudio.
_9115804
901 _aBK
905 _aLilia
942 _cFOLL
949 _aTesis
_bBC
_cTES
_d33724002022561
_eTS2
_fc.2
_h46810
_i105206
_si
949 _aTesis
_bBC
_cTES
_d33724002022603
_eTS1
_h46809
_i105206
_sb
999 _c93639
_d93639